| 000 | 00399nam a2200181Ia 4500 | ||
|---|---|---|---|
| 005 | 20251020182527.0 | ||
| 008 | 200515s9999 xx 000 0 und d | ||
| 082 | _a693.3(07)/P45 | ||
| 245 | 0 | _aMejores construcciones con adobes | |
| 260 | _aCusco | ||
| 260 | _cs.a. | ||
| 300 | _aCencira | ||
| 500 | _a1 ejemplar | ||
| 650 | _aADOBE | ||
| 650 | _aLIB | ||
| 650 | _aPUB CENCIRA | ||
| 942 | _cLIB | ||
| 999 |
_c1937 _d1937 |
||